Geoinformation technologies in tasks of engineering communications networks management; Korus 99; The 3th Russia-Korean International Symposium on Science and Technology; Vol. 1: Abstrcts

Opis bibliograficzny
Parent link:Korus 99.— , 1999
The 3th Russia-Korean International Symposium on Science and Technology: June 22-25, 1999, Tomsk/ Tomsk Polytechnic University (TPU) ; Novosibirsk State Technical University
Vol. 1: Abstrcts.— 1999.— P. 283
1. autor: Kudinov A.V.
Kolejni autorzy: Markov N. G. Nikolai Grigorevich
Język:angielski
Wydane: 1999
Hasła przedmiotowe:
Format: Rozdział
KOHA link:https://koha.lib.tpu.ru/cgi-bin/koha/opac-detail.pl?biblionumber=167728

MARC

LEADER 00000naa2a2200000 4500
001 167728
005 20231227103553.0
035 |a (RuTPU)RU\TPU\book\181961 
035 |a RU\TPU\book\181954 
090 |a 167728 
100 |a 20091019d1999 k y0engy50 ba 
101 0 |a eng 
102 |a RU 
200 1 |a Geoinformation technologies in tasks of engineering communications networks management  |f A.V. Kudinov, N. G. Markov 
461 1 |0 (RuTPU)RU\TPU\book\181596  |t Korus 99  |d 1999 
461 |t The 3th Russia-Korean International Symposium on Science and Technology  |o June 22-25, 1999, Tomsk  |f Tomsk Polytechnic University (TPU) ; Novosibirsk State Technical University 
463 1 |0 (RuTPU)RU\TPU\book\10964  |t Vol. 1: Abstrcts  |v P. 283  |d 1999  |p 443 с. 
610 1 |a труды учёных ТПУ 
700 1 |a Kudinov  |b A.V.  |4 070 
701 1 |a Markov  |b N. G.  |c Doctor of Engineering, Professor of TPU  |c Russian specialist in Informatics and Computing  |f 1950-  |g Nikolai Grigorevich  |3 (RuTPU)RU\TPU\pers\24811  |9 11026 
801 1 |a RU  |b 63413507  |c 20091019 
801 2 |a RU  |b 63413507  |c 20121207  |g RCR 
942 |c BK